Statistics for Cities by Picture #1

Click here to take the quiz!

General Stats

  • This quiz has been taken 20,061 times
  • The average score is 14 of 18

Answer Stats

Answer % Correct
Paris
99%
Sydney
98%
London
94%
Rio de Janeiro
93%
Moscow
92%
Washington D.C.
88%
Athens
86%
Rome
84%
Dubai
81%
Tokyo
79%
Amsterdam
78%
Seattle
76%
Barcelona
67%
Istanbul
67%
Toronto
65%
Kuala Lumpur
60%
Shanghai
53%
Mecca
30%

Score Distribution

Percentile by Number Answered

Percent of People with Each Score

Your Score History

You have not taken this quiz